[Event "Bugojno"]
[Site "Bugojno"]
[Date "1986.??.??"]
[Round "8"]
[White "Ljubojevic, Ljubomir"]
[Black "Miles, Anthony John"]
[Result "1-0"]
[WhiteElo "2605"]
[BlackElo "2610"]
[Annotator "ChessBase"]
[PlyCount "65"]
[EventDate "1986.05.??"]
[EventType "tourn"]
[EventRounds "14"]
[EventCountry "YUG"]
[EventCategory "16"]
[SourceTitle "MCL"]
[Source "ChessBase"]
[SourceDate "1999.07.01"]
[SourceVersion "1"]
[SourceVersionDate "1999.07.01"]
[SourceQuality "1"]

1. c4 b6 2. Nc3 Bb7 3. e4 e6 4. b3 $6 (4. Nf3 Bb4 5. Bd3 $5 $14) 4... Nf6 5. e5
Ne4 6. Nxe4 (6. Qf3 Nxc3 $1 7. Qxc3 (7. Qxb7 $2 Nc6 8. dxc3 a6 9. Bg5 Be7 10.
Bxe7 Kxe7 {/\Ra7}) 7... c5 $15 {/\g6,Bg7,d6}) 6... Bxe4 7. Bb2 Nc6 $1 (7... c5
$13) 8. h4 {/\f3+-} (8. Nf3 Nb4 $1 9. d3 Bxf3 10. gxf3 c5 $15 {><e5,f2,f3}) (8.
f3 Bg6 9. d4 d6 $1 $36) 8... h5 9. Nf3 (9. d3 Bb4+ 10. Ke2 Bf5 $17) 9... Nb4 (
9... d6 $1 10. exd6 Qxd6 $36) 10. d3 Bxf3 11. gxf3 c5 12. f4 g6 $15 13. Bg2 Rc8
14. Be4 Bh6 $6 (14... Be7 {><h4}) (14... Bg7 $5 {/\d5->}) 15. a3 Nc6 16. Qf3 b5
(16... Bg7 17. O-O-O $132) 17. Bxc6 Rxc6 18. a4 $1 bxc4 19. dxc4 {<=><->d} Qa5+
20. Ke2 Ke7 21. Rhd1 Rb8 (21... Rd8 $142 {/\Ke8,Bf8-e7}) 22. Rd3 Qc7 23. Rad1
Qc8 $2 (23... Rd8 $8 24. Rd6 $10) 24. f5 $1 exf5 (24... gxf5 25. Qxh5 Bf8 26.
Rxd7+ Qxd7 27. Rxd7+ Kxd7 28. Qxf7+ Be7 29. Bc1 Rf8 30. Qg7 $18 {/\h5,h6,h7})
25. Rxd7+ $18 Qxd7 26. Rxd7+ Kxd7 27. Qd5+ Kc7 28. Qxf7+ Kb6 29. b4 $1 {/\a5}
Rc7 (29... cxb4 $2 30. Bd4+) 30. a5+ Kb7 31. Qd5+ Kc8 (31... Ka6 32. Qe6+ Kb7
33. a6+) 32. Qg8+ Kb7 33. a6+ $1 1-0

[Event "Bugojno"]
[Site "Bugojno"]
[Date "1986.??.??"]
[Round "6"]
[White "Miles, Anthony John"]
[Black "Timman, Jan H"]
[Result "1-0"]
[WhiteElo "2610"]
[BlackElo "2645"]
[Annotator "ChessBase"]
[PlyCount "77"]
[EventDate "1986.05.??"]
[EventType "tourn"]
[EventRounds "14"]
[EventCountry "YUG"]
[EventCategory "16"]
[SourceTitle "MCL"]
[Source "ChessBase"]
[SourceDate "1999.07.01"]
[SourceVersion "1"]
[SourceVersionDate "1999.07.01"]
[SourceQuality "1"]

1. c4 g6 2. e4 e5 3. Nf3 Bg7 4. d4 exd4 5. Nxd4 Nf6 6. Nc3 O-O 7. g3 (7. Be3
Re8 8. Bd3 d6 (8... Na6 $5) (8... c6 $10 {/\d5}) 9. h3 c5 10. Nde2 Nc6 11. O-O
Ne5 12. Nf4 (12. b3 $5 {/\Bc2}) 12... Nfd7 13. Be2 (13. Rc1 $13) 13... Nb6 14.
Qb3 Nc6 15. Rfe1 Bd7 16. Nb5 Be5 17. Rad1 Nd4 $15 {Pekarek,A-Ftacnik,L,CS-ch
1986}) 7... Re8 8. Bg2 d5 $10 9. cxd5 Nxd5 10. Nde2 $8 Nxc3 11. Qxd8 Rxd8 12.
Nxc3 c6 (12... Be6 $5 {/\} 13. Nd5 Rd7) 13. Bg5 f6 $6 (13... Re8 $10) 14. Be3
Be6 15. O-O Nd7 16. Rfd1 Nb6 (16... Ne5 $5 17. Rxd8+ Rxd8 18. Bxa7 Rd2 $146 19.
f4 (19. b3 Rc2 20. Bd4 f5 $1 21. Rd1 Ng4 $36) 19... Bh3 $1 20. Bxh3 Nf3+ $10)
17. b3 f5 18. Rxd8+ Rxd8 19. Rd1 Rxd1+ 20. Nxd1 Kf7 $6 (20... fxe4 21. Bxe4 Nc8
$10) 21. f4 fxe4 22. Nf2 $1 $14 Nd5 23. Bxa7 e3 (23... Nc3 24. Nxe4 Nxa2 25.
Ng5+ Ke7 26. Nxe6 $14) 24. Ne4 b6 (24... Nb4 $2 25. Ng5+ Ke7 26. Bc5+ $18) 25.
Ng5+ Ke7 26. Nxe6 Kxe6 27. Bxd5+ $2 (27. Kf1 $16) 27... Kxd5 $1 (27... cxd5 28.
Bxb6 d4 29. Kg2 e2 30. Ba5 d3 31. Kf3 $18) 28. Kf1 (28. Bxb6 Ke4 29. Kf1 Kf3
$19) 28... Bd4 $2 (28... Kc5 $1 {/\Kb4<=>}) 29. a4 $1 $18 h5 30. Ke2 Ke4 31. h3
Kd5 (31... h4 32. gxh4 Kxf4 33. a5) 32. Kd3 Bc5 33. g4 hxg4 34. hxg4 Bd6 (34...
Bd4 35. g5 $1 Bc5 36. a5 bxa5 37. Bxc5 Kxc5 38. f5 Kd6 39. f6 $18) 35. Bxb6 e2
36. Kxe2 Bxf4 37. a5 c5 38. a6 Kc6 39. Bxc5 $1 1-0

[Event "EU-chT (Men) 09th"]
[Site "Haifa"]
[Date "1989.??.??"]
[Round "6.6"]
[White "Fioramonti, Hung"]
[Black "Hoen, Ragnar Harald"]
[Result "1-0"]
[WhiteElo "2360"]
[BlackElo "2330"]
[Annotator "ChessBase"]
[PlyCount "121"]
[EventDate "1989.11.23"]
[EventType "team-swiss"]
[EventRounds "9"]
[EventCountry "ISR"]
[SourceTitle "EU-chT"]
[Source "ChessBase"]
[SourceDate "1999.07.01"]
[SourceVersion "2"]
[SourceVersionDate "1999.07.01"]
[SourceQuality "1"]
[WhiteTeam "Switzerland"]
[BlackTeam "Norway"]
[WhiteTeamCountry "SUI"]
[BlackTeamCountry "NOR"]

1. Nf3 e6 2. g3 f5 3. Bg2 Nf6 4. O-O d5 5. c4 c6 6. d3 Be7 7. cxd5 $5 exd5 8.
Nc3 O-O 9. Rb1 (9. e3 $5) 9... Na6 $6 (9... d4 $6 10. Qb3+ $8 (10. Na4 b5)
10... Kh8 11. Nd1 $13 {/\e3}) 10. a3 Nc5 11. Nd4 g6 12. e3 Ne6 13. Nce2 a5 14.
b4 $36 {גa1-h8} axb4 15. axb4 Nxd4 16. Nxd4 Bd6 17. Qb3 Bd7 18. e4 Be5 19.
exd5 cxd5 20. Bxd5+ Kh8 21. Ne6 Bxe6 22. Bxe6 Qd6 23. Be3 Rfe8 24. Bf7 Red8 25.
Rfd1 Bd4 26. Bxd4 Qxd4 27. Qb2 Kg7 28. Qxd4 Rxd4 29. Bc4 Rb8 30. b5 b6 31. Re1
Re8 32. Ra1 Kf8 33. Kf1 Rd6 34. Ra7 Rxe1+ 35. Kxe1 Nd7 36. Ke2 Ke7 37. Ke3 g5
38. h3 Rh6 39. Bd5 Kd6 40. Bc6 Ne5 41. Bg2 f4+ 42. Ke4 Re6 43. Rxh7 Ng4+ 44.
Kd4 Nxf2 45. gxf4 gxf4 46. Be4 Nxe4 47. dxe4 Re8 48. e5+ Ke6 49. Ke4 Rf8 50.
Rh6+ Ke7 51. Rf6 Rh8 52. Kxf4 Rxh3 53. Rxb6 Rb3 54. Ke4 Kd7 55. Kd4 Rb1 56.
Rd6+ Ke7 57. Kc5 Re1 58. Kd5 Rd1+ 59. Kc6 Rc1+ 60. Kb6 Rb1 61. Rd5 1-0

[Event "Montreal International"]
[Site "Montreal"]
[Date "1979.04.19"]
[Round "7"]
[White "Timman, Jan H"]
[Black "Larsen, Bent"]
[Result "1-0"]
[WhiteElo "2625"]
[BlackElo "2620"]
[Annotator "ChessBase"]
[PlyCount "137"]
[EventDate "1979.04.11"]
[EventType "tourn"]
[EventRounds "18"]
[EventCountry "CAN"]
[EventCategory "15"]
[SourceTitle "MCL"]
[Source "ChessBase"]
[SourceDate "1999.07.01"]
[SourceVersion "1"]
[SourceVersionDate "1999.07.01"]
[SourceQuality "1"]

1. c4 f5 2. Nf3 Nf6 3. g3 e6 4. Bg2 Be7 5. O-O O-O 6. b3 c6 7. Bb2 {/\d3,Nbd2,
e4|^[+]} a5 $5 8. Nc3 (8. a3 d6 9. d3 Nbd7 10. Nbd2 e5 $13) 8... d5 {גa1-h8} (
8... d6 $5) 9. d3 Na6 10. a3 {/\Nc5 11.b4} Bd7 11. e3 Be8 12. Ne2 {><e5} Bh5
13. Qc2 $6 (13. Nf4 $142 $36) 13... Bd6 14. Nf4 Bxf3 15. Bxf3 Qe7 {/\e5} 16.
cxd5 exd5 (16... cxd5 $6 17. Rfc1 $16) 17. Rfe1 {/\e4} Nc7 (17... Rae8 $5) (
17... Be5 $2 18. Bxe5 Qxe5 19. d4 {><f5}) 18. Bg2 (18. e4 $6 dxe4 19. dxe4 Bxf4
20. exf5 $1 (20. gxf4 Qf7 21. e5 Nfd5 $13) 20... Qf7 21. gxf4 $16) 18... Nb5
19. Qc1 (19. a4 $6 Nc7 {><b4}) (19. e4 $5 Bxf4 20. gxf4 $13) 19... Ng4 $6 (
19... Rae8 $142 $13) 20. h3 Ne5 21. a4 $1 (21. e4 $6 fxe4 22. dxe4 d4 23. a4
Nc3 $1 $36) 21... Nc7 22. e4 $14 fxe4 23. dxe4 Rxf4 $8 (23... dxe4 $2 24. Rxe4
$18) 24. Qxf4 Nd3 25. Qd2 Nxe1 26. Rxe1 Bb4 27. Bc3 Re8 28. Kf1 {/\ed5} (28. e5
$6 Qc5 $13) 28... dxe4 29. Rxe4 Bxc3 30. Qxc3 (30. Rxe7 $2 Bxd2 31. Rxc7 Re1#)
30... Qf7 31. Rxe8+ (31. Qxa5 $6 Qxb3) 31... Nxe8 $8 32. Qe5 $1 $14 h6 {גb1-h7
} (32... Kf8 $142) 33. Be4 Kf8 34. Qxa5 (34. Bc2 $5 $14) 34... Qxb3 35. Qc5+
Kf7 36. Bc2 Qd5 37. Qb4 $36 Qd7 38. Bb3+ Kg6 $8 (38... Kf6 $2 39. Qf8+ Ke5 40.
Qf4#) 39. Qe4+ Kf6 40. Qh4+ Kg6 41. Qe4+ Kf6 42. Kg2 $1 Nc7 $2 (42... b5 $6 43.
a5 $16) (42... g5 43. h4 $16) (42... g6 $5 {/\Kg7}) 43. Qf4+ Ke7 44. Qb4+ $18
Kd8 45. Qxb7 Qd3 46. Qb4 c5 47. Qc4 Qxc4 48. Bxc4 Ne8 49. Kf3 Kc7 50. a5 (50.
Ke4 $5 $18) 50... Nd6 51. Bd5 Kb8 52. Kf4 Ka7 53. Ke5 Nb5 54. Bc4 (54. Kf5 $5
Nc3 55. Bb3 (55. Bc4 $2 Nd1) 55... Ka6 $16 {<=>}) 54... Ka6 55. Kd5 (55. Bxb5+
Kxb5 56. Kd5 c4 57. a6 c3 58. a7 c2 59. a8=Q c1=Q 60. Qb7+ $18) 55... Kxa5 56.
Kxc5 Nc3 57. Bd5 Nd1 58. f4 Nf2 59. Kd4 $1 Kb4 (59... Kb6 60. Ke3 Nd1+ 61. Kd2
Nb2 62. Bb3 {/\Kc2}) 60. Bf3 Nxh3 61. Ke3 {/\Bg4,Kf2} g5 $8 62. f5 g4 (62...
Kc5 63. Bg4 Ng1 64. Kf2 h5 65. Bxh5 Nh3+ 66. Kf3 $18) 63. Bxg4 Ng5 64. Kd4 $18
Kb3 65. Bh5 Kc2 66. f6 Kd2 67. f7 Ne6+ 68. Ke5 Nf8 69. Kd6 {/\Ke7,Bg6} 1-0

[Event "USA-ch G1"]
[Site "Chandler"]
[Date "1997.08.25"]
[Round "3"]
[White "Sammour Hasbun, Jorge E"]
[Black "Christiansen, Larry Mark"]
[Result "0-1"]
[WhiteElo "2370"]
[BlackElo "2550"]
[Annotator "ChessBase"]
[PlyCount "71"]
[EventDate "1997.08.23"]
[EventType "tourn"]
[EventRounds "7"]
[EventCountry "USA"]
[EventCategory "12"]
[SourceTitle "CBM 061"]
[Source "ChessBase"]
[SourceDate "1997.11.23"]
[SourceVersion "1"]
[SourceVersionDate "1997.11.23"]
[SourceQuality "1"]

1. Nf3 d6 2. c4 e5 (2... Bg4 3. Qb3 Qc8 4. h3 Bxf3 5. Qxf3 Nf6 6. Nc3 g6 7. e3
Bg7 8. b3 O-O 9. Bb2 e5 10. d3 c6 11. g4 Nbd7 12. Qg2 Nc5 13. Be2 a5 14. Rb1
Qc7 15. h4 Qb6 16. Ba3 Rfe8 17. h5 {Onischuk,A-Kovalev,A/Dresden op 1994/TD
94\02/1-0 (32)}) 3. g3 f5 (3... g6 4. Bg2 Bg7 5. d4 Nc6 6. d5 Nce7 7. Nc3 f5 8.
O-O Nf6 9. c5 O-O 10. cxd6 cxd6 11. Nd2 Bd7 12. a4 Rc8 13. Qb3 Qb6 14. Qxb6
axb6 15. Rd1 Bh6 16. Nde4 Bxc1 17. Nxf6+ Rxf6 18. Rdxc1 {Shamkovich,
L-Borisenko,G/URS-ch32 Kiev 1964/URS-ch/1-0 (74)}) 4. Bg2 Nf6 5. O-O Be7 6. Nc3
O-O 7. d4 e4 8. Ng5 h6 9. Nh3 c6 10. d5 Nbd7 11. b3 Ne5 12. f3 Qa5 13. Qd2 Bd8
14. Nf4 g5 15. Ne6 Bxe6 16. dxe6 Bb6+ 17. Kh1 Rae8 18. fxe4 Neg4 19. exf5 Nh5
20. e4 Qe5 21. Rf3 Rxe6 22. Bb2 Ree8 23. Re1 Bd4 24. Nd1 Bxb2 25. Nxb2 d5 26.
cxd5 cxd5 27. Rff1 Nxh2 28. Kxh2 Nxg3 29. Qxd5+ Qxd5 30. exd5 Nxf1+ 31. Rxf1
Re2 32. Nc4 Rd8 33. f6 (33. Kg3 $18) 33... Rxd5 34. Re1 Rxa2 35. Kg1 Rf5 36.
Re8+ (36. Re8+ Kf7 37. Nd6+ Kxf6 38. Rf8+ Ke7 39. Rxf5 Kxd6 40. Bxb7 a5 $16)
0-1

[Event "New York op"]
[Site "New York"]
[Date "1998.03.16"]
[Round "2"]
[White "Smirin, Ilia"]
[Black "Gamboa, Nelson"]
[Result "1-0"]
[WhiteElo "2590"]
[BlackElo "2405"]
[Annotator "ChessBase"]
[PlyCount "34"]
[EventDate "1998.03.16"]
[EventType "swiss"]
[EventRounds "9"]
[EventCountry "USA"]
[SourceTitle "CBM 064"]
[Source "ChessBase"]
[SourceDate "1998.06.02"]
[SourceVersion "1"]
[SourceVersionDate "1998.06.02"]
[SourceQuality "1"]

1. c4 f5 2. Nc3 Nf6 3. Nf3 e6 4. g3 Bb4 5. Bg2 O-O 6. O-O b6 7. Ne5 c6 8. d4
Bb7 9. Qb3 Qe7 10. c5 bxc5 11. dxc5 Na6 $4 (11... d6 12. cxd6 Bxd6 13. Bf4 $14)
12. Nd3 Rab8 (12... Bxc3 13. Qxb7 Nxc5 14. Nxc5 Rfb8 15. Qc7 Qxc5 16. bxc3 Rc8
17. Qf4 $18) 13. Nxb4 Bc8 14. a3 Nxc5 15. Nxc6 Nxb3 16. Nxe7+ Kh8 17. Bf4 Ba6
1-0

[Event "Tilburg Fontys"]
[Site "Tilburg"]
[Date "1997.10.08"]
[Round "10"]
[White "Van Wely, Loek"]
[Black "Piket, Jeroen"]
[Result "1-0"]
[WhiteElo "2655"]
[BlackElo "2630"]
[Annotator "ChessBase"]
[PlyCount "49"]
[EventDate "1997.09.27"]
[EventType "tourn"]
[EventRounds "11"]
[EventCountry "NED"]
[EventCategory "17"]
[SourceTitle "CBM 061"]
[Source "ChessBase"]
[SourceDate "1997.11.23"]
[SourceVersion "1"]
[SourceVersionDate "1997.11.23"]
[SourceQuality "1"]

1. c4 e6 2. Nc3 b6 3. g3 (3. Nf3 Ne7 4. e4 d6 5. d4 Nd7 6. Bd3 Bb7 7. O-O g6 8.
Be3 Bg7 9. Qd2 h6 10. Rad1 a6 11. Bb1 g5 12. Ne1 c5 13. dxc5 dxc5 14. f4 Qc7
15. fxg5 hxg5 16. Qxd7+ Qxd7 17. Rxd7 Kxd7 18. Rxf7 Rag8 19. Na4 Ke8 20. Rxg7
Rxg7 21. Nxb6 g4 22. Bxc5 Rf7 23. Bd3 Rhf8 24. e5 Be4 25. Be2 Rg8 26. Bf2 Bb1
27. c5 Nc6 {Birke,M-Scherer,M/Baden Wuerttemberg-ch 1988/EXT 88ch2/0-1 (39)})
3... Bb7 4. Nf3 Bb4 5. Bg2 Ne7 $6 (5... Nf6 {normal}) 6. Qc2 c5 7. Nb5 $1 d6 8.
a3 Ba5 9. b4 cxb4 10. axb4 Bxb4 11. Qb2 Nbc6 12. Qxg7 Rg8 13. Qxh7 a6 14. Nc3
Nd4 15. Bb2 Nxf3+ 16. Bxf3 Bxf3 17. exf3 Bxc3 18. Bxc3 Qc7 19. Qd3 Qc6 20. h4
$1 {Van Wely} d5 21. h5 d4 (21... dxc4 22. Qe4 f5 23. Qxc6+ Nxc6 24. h6 e5 25.
h7 Rh8 26. Rh6 Kd7 27. f4 Rae8 28. Rxa6 $18 {Van Wely}) 22. Bxd4 O-O-O 23. Qc3
Rg4 24. Bxb6 $1 Rxc4 25. Rc1 1-0

[Event "EU-Cup 18th"]
[Site "Kallithea"]
[Date "2002.09.27"]
[Round "6.6"]
[White "Georgiev, Vladimir"]
[Black "Glek, Igor Vladimirovich"]
[Result "1/2-1/2"]
[WhiteElo "2502"]
[BlackElo "2590"]
[Annotator "Finkel,A"]
[PlyCount "95"]
[EventDate "2002.09.22"]
[EventType "team-swiss"]
[EventRounds "7"]
[EventCountry "GRE"]
[SourceTitle "CBM 092"]
[Source "ChessBase"]
[SourceDate "2003.02.06"]
[SourceVersion "1"]
[SourceVersionDate "2003.02.06"]
[SourceQuality "1"]
[WhiteTeam "Skopje Kisela Voda"]
[BlackTeam "Norilsk Nikel"]
[WhiteTeamCountry "MKD"]
[BlackTeamCountry "RUS"]

1. d4 e6 2. c4 f5 3. Nc3 Bb4 4. Nf3 Nf6 5. Qb3 a5 6. g3 b6 7. Bg2 Bb7 8. O-O
O-O 9. Rd1 (9. Bg5 Bxc3 (9... Na6 10. Rad1 Bxc3 11. Bxf6 Qxf6 12. Qxc3 d6 13.
e3 Rfd8 14. Rd2 e5 $132 {Gross,D-Glek,I/Cuxhaven 1993}) 10. Qxc3 h6 11. Bxf6
Qxf6 12. Rac1 d6 13. c5 bxc5 14. dxc5 Qxc3 15. Rxc3 Bxf3 $1 16. Bxf3 d5 17. c6
Ra6 $15 {Vyzmanavin,A-Nikolic,Pr (1), Tilburg 1992}) 9... Qe7 (9... Na6 10. Bg5
Bxc3 11. bxc3 Qc8 12. a4 d6 13. Bf4 Qe8 14. Bf1 Kh8 15. Bc1 Rd8 $13 {Gurevich,
M-Nikolic,P/Tilburg 1993}) (9... Bxc3 10. Qxc3 (10. bxc3 $6 Be4 11. Ba3 Re8 12.
c5 a4 13. Qb2 bxc5 14. Bxc5 Qc8 15. c4 Qa6 $15 {Vyzmanavin,A-Nikolic,P/Tilburg
1992}) 10... d6 11. Ng5 Bxg2 12. Kxg2 Qe7 13. Qf3 Na6 14. d5 Nc5 15. dxe6 Nfe4
16. h4 {1/2-1/2 Marinelli,T-Palatnik,S/Chianciano 1989/EXT 97 (16)}) (9... Ne4
10. Nxe4 Bxe4 11. Bf4 Be7 12. d5 Na6 13. d6 cxd6 14. Bxd6 Nc5 15. Qe3 Rc8 16.
b3 Rc6 $11 {Komarov,D-Moroz,A/Donetsk 1998}) 10. Bf4 Bxc3 11. Qxc3 d6 {White
bishop would be much better placed on b2, even though also in that case I'm
not that sure it would be enough for white's advantage.} 12. c5 $5 Nd5 13. cxd6
cxd6 14. Bg5 {Keeping the bishop on the board.} (14. Qa3 Nxf4 15. gxf4 Na6 16.
Rac1 {1/2-1/2 Nikitin,A-Iljushin,A/Smolensk 2000/CBM 77 (16)}) 14... Qd7 15.
Qe1 Na6 (15... Nc6 16. e4 fxe4 17. Qxe4 h6 18. Bd2 Rf6 $132 {[%cal Ga8f8,Gc6e7]
}) 16. a3 h6 17. Bd2 Nf6 {[%cal Ga6c7,Gc7d5,Gf6e4] Black knights will soon
come to d5 and e4 causing white certain inconvinience.} 18. Qf1 Ne4 19. Ne1 Nc7
20. Nd3 Nd5 21. Nf4 Rac8 (21... Nxd2 $5 22. Rxd2 Nxf4 23. gxf4 Rac8 24. d5 exd5
25. Bxd5+ Bxd5 26. Rxd5 Rf6 $15 {[%cal Gc8c2,Gf6g6,Gd7c6]}) 22. Nxd5 Bxd5 23.
f3 Nxd2 24. Rxd2 Rc7 25. Rc1 Rfc8 26. Rxc7 Qxc7 27. e4 Qc1 (27... Bb7 28. Qd1
Qc1 29. Qxc1 Rxc1+ 30. Kf2 Kf7 $15) 28. Qxc1 Rxc1+ 29. Kf2 Bc4 30. d5 $1 {
[%csl Rb6,Rd6] Forcing multiple exchanges that eventually lead to a draw.} (30.
e5 d5 31. f4 Kf7 32. Bf3 g5 $15) 30... fxe4 31. dxe6 Bxe6 32. Rxd6 Rc2+ 33. Ke3
Rxg2 34. Rxe6 Rxb2 (34... exf3 35. Rxb6 f2 36. Ke2 Rxh2 37. Kf1 Kf7 38. Rb5 $14
) 35. fxe4 Kf7 36. Rc6 Rxh2 37. Rxb6 Ra2 38. Rb7+ Kf6 39. e5+ Kf5 40. g4+ Kxe5
(40... Kxg4 $2 41. e6 Rxa3+ 42. Ke4 g5 43. e7 Ra1 44. Rb3 $18) 41. Rb5+ Kf6 42.
Rf5+ Kg6 43. Rxa5 Ra1 44. a4 Rg1 45. Kf3 Rf1+ 46. Kg2 Ra1 47. Kg3 Rg1+ 48. Kf3
1/2-1/2

[Event "Interzonal-13c"]
[Site "Biel"]
[Date "1985.07.08"]
[Round "6"]
[White "Quinteros, Miguel Angel"]
[Black "Jansa, Vlastimil"]
[Result "0-1"]
[WhiteElo "2525"]
[BlackElo "2480"]
[Annotator "Ftacnik,L"]
[PlyCount "52"]
[EventDate "1985.07.02"]
[EventType "tourn"]
[EventRounds "17"]
[EventCountry "SUI"]
[EventCategory "12"]
[SourceTitle "IZT"]
[Source "ChessBase"]
[SourceDate "1999.07.01"]
[SourceVersion "1"]
[SourceVersionDate "1999.07.01"]
[SourceQuality "1"]

1. c4 g6 2. e4 e5 3. d4 Nf6 4. dxe5 $6 (4. Nf3 $142) 4... Nxe4 5. Bd3 (5. Qd5
Bb4+ $1 6. Nd2 f5 7. exf6 Nxf6 8. Qd3 O-O 9. Be2 Re8 10. a3 Bf8 11. Ngf3 d5 $1
12. cxd5 Bf5 $36 {Polugaevsky,L-Adorjan,A,Sotschi 1976}) (5. Nf3 $2 Bc5 $1 6.
Qd5 Bxf2+ 7. Ke2 f5 8. exf6 Nxf6 9. Qe5+ Kf7 $19) 5... Nc5 6. Nf3 d6 7. Bc2 Nc6
8. exd6 Bxd6 $1 (8... Qxd6 9. Qe2+ Qe7 10. Be3 Nb4 11. Na3 Bg4 12. Rd1 $14 {
Murey,Y-Jansa,V,Thessaloniki olm 1984}) 9. Qe2+ $6 (9. Bg5 Be7 $10) (9. O-O O-O
10. Bh6 Re8 11. Nbd2 Qf6 {/\Bf5=}) 9... Qe7 10. Be3 (10. Qxe7+ Bxe7 $15 {/\Nb4}
) 10... Nb4 $1 $36 11. Na3 $2 (11. O-O $142 Bg4 (11... Nxc2 $6 12. Qxc2 Bf5 13.
Qc3 $36) 12. Bd1 $1 {Jansa /\} Bxf3 13. Qxf3 Qe5 14. g3 Qxb2 15. Nd2 $146)
11... O-O 12. O-O Bg4 $17 {/\Bf3,Qe5} 13. Nb5 (13. Rfd1 Nxc2 14. Nxc2 Bxf3 15.
Qxf3 Qh4 16. g3 Qxc4 $17) 13... Bxf3 14. gxf3 Bf4 15. Bd1 Qg5+ 16. Kh1 c6 $1
17. Rg1 (17. Nc3 Rfe8 18. Bxf4 Qxf4 $19) 17... Qh6 18. Bxf4 $8 Qxf4 19. Rg4 Qf6
20. Nc3 Nbd3 $18 {/\Rfe8} 21. Rb1 Rfe8 22. Qd2 (22. Ne4 Nxe4 23. Rxe4 Rxe4 24.
fxe4 Nxf2+) 22... Rad8 23. Kg1 Ne5 (23... Re1+ 24. Kg2 h5 $1 $19) 24. Qf4 Nxg4
25. Qxg4 h5 26. Qg3 Re1+ (26... Re1+ 27. Kg2 Nd3) 0-1

[Event "Copenhagen Open-02 (Politiken Cup-01)"]
[Site "Copenhagen"]
[Date "1980.07.03"]
[Round "10"]
[White "Roth, Rolf"]
[Black "Jacobsen, Bo"]
[Result "0-1"]
[WhiteElo "2370"]
[BlackElo "2370"]
[Annotator "Ftacnik,L"]
[PlyCount "62"]
[EventDate "1980.06.23"]
[EventType "swiss"]
[EventRounds "10"]
[EventCountry "DEN"]
[SourceTitle "EXT 2000"]
[Source "ChessBase"]
[SourceDate "1999.11.16"]
[SourceVersion "1"]
[SourceVersionDate "1999.11.16"]
[SourceQuality "1"]

1. c4 g6 2. Nc3 Bg7 3. e4 d6 4. g3 c6 5. Bg2 Bd7 6. Nge2 Qc8 7. h3 Na6 8. d3 h5
9. Be3 e5 10. d4 Nf6 11. Qd2 O-O 12. O-O-O b5 13. cxb5 cxb5 14. Kb1 b4 15. Nd5
Nxd5 16. exd5 b3 17. a3 Bf5+ 18. Ka1 Rb8 19. Rc1 Bc2 20. Qa5 Nb4 $1 21. axb4
Rb6 22. b5 Qb7 23. dxe5 Rxb5 24. Qa3 Bxe5 25. Bd4 Rb6 $1 26. Bxe5 (26. Bxb6
axb6 {/\ Ra8}) 26... dxe5 $1 (26... Ra6) 27. Rxc2 bxc2 28. Nc3 Rb8 $1 29. Rc1 (
29. Na4 Ra6 30. b3 Qxb3) 29... Ra6 30. Rxc2 Rxa3+ 31. bxa3 Qb3 0-1

[Event "GER CupT"]
[Site "Forchheim"]
[Date "2000.03.18"]
[Round "1"]
[White "Gurevich, Mikhail"]
[Black "Jansa, Vlastimil"]
[Result "1/2-1/2"]
[WhiteElo "2694"]
[BlackElo "2458"]
[Annotator "Gurevich,M"]
[PlyCount "87"]
[EventDate "2000.03.18"]
[EventType "team"]
[EventRounds "2"]
[EventCountry "GER"]
[SourceTitle "CBM 076"]
[Source "ChessBase"]
[SourceDate "2000.05.31"]
[SourceVersion "1"]
[SourceVersionDate "2000.05.31"]
[SourceQuality "1"]

1. c4 g6 2. e4 e5 3. Nf3 Bg7 4. d4 exd4 5. Nxd4 Nf6 6. Nc3 O-O 7. Be2 Re8 8. f3
c6 9. Bg5 h6 10. Bh4 d5 11. cxd5 g5 $5 {TN} (11... cxd5 12. Nxd5 $1 (12. exd5
g5 13. Bf2 Nxd5 14. Ndb5 Be6 15. O-O Nc6 16. Nxd5 Bxd5 17. Nc3 Be6 $15 {
David,A-Adorjan,A Zalaegerszeg 1991 0-1 (37)}) 12... g5 13. Nxf6+ Qxf6 14. Bf2
Rd8 (14... Nc6 15. Qa4 Rd8 16. Nxc6 $14) 15. Qc2 $16) 12. Bg3 $5 cxd5 13. Ndb5
Na6 $5 (13... d4 14. Qxd4 Qxd4 15. Nxd4 Nxe4 16. Nxe4 Bxd4 17. Nd6 $14) 14.
exd5 Nh5 15. Bf2 (15. Qd2 Nxg3 16. hxg3 Bf5 $44) 15... Nf4 16. O-O Bf5 $1 (
16... Nxe2+ 17. Nxe2 Bxb2 18. Rb1 $36) 17. Qd2 (17. Re1 Nb4 18. Bc4 Rxe1+ 19.
Bxe1 Nc2 20. Rc1 Ne3 $36) 17... Rc8 (17... Nb4 18. Bc4 a6 19. Nd4 $13) 18. Rfe1
(18. Bxa7 $2 Bxc3 19. Nxc3 Rxc3 $19) 18... Nb4 19. Bf1 Rxe1 20. Rxe1 a6 (20...
Nbxd5 21. Nxd5 Nxd5 (21... Qxd5 22. Qxd5 Nxd5 23. Nd6 $18) 22. Rd1 $16) 21. Nd4
Bg6 $1 $44 22. Ne4 $5 Nxa2 $1 (22... Nbxd5 23. g3 Nh5 (23... Ne6 24. Nxe6 fxe6
25. Nc5 $16) 24. Bh3 Rc4 25. Nf5 $36) 23. g3 (23. b3 Qxd5 24. g3 Ne6 $15) 23...
Nxd5 24. Bh3 Rb8 25. Nf5 Bxf5 26. Bxf5 Ne7 27. Bd7 $44 Nb4 $5 28. Rd1 (28. Qxb4
Qxd7 29. Nc5 (29. Nxg5 Nc6 $19) 29... Qc7 $17) 28... Nbc6 {[/\29...Ne5]} (28...
Nbd5 29. Ba4 Qc7 30. Bb3 $44) 29. f4 Qa5 (29... gxf4 30. Qxf4 Ne5 31. Ba4 $36)
30. fxg5 Qxd2 31. Rxd2 hxg5 32. Nxg5 Ne5 33. Re2 $11 Rd8 34. Ba4 N7c6 35. Bb3
Rd3 $2 $138 36. Bxf7+ $1 Nxf7 37. Re8+ Bf8 38. Ne6 Nfe5 $1 (38... Rd8 39. Nxd8
Nfxd8 (39... Ncxd8 40. Bb6 $1 Nc6 41. Bc5 $18) 40. Bb6 $1 Kf7 41. Rxd8 $16) 39.
Rxf8+ Kh7 40. h3 $2 $138 (40. Be1 $1 {(/\41.Bc3)} Rd1 41. Rf1 $14) 40... Rd1+
41. Kg2 Rb1 $11 42. Rc8 Rxb2 43. Rc7+ Kg6 44. Nc5 1/2-1/2